Statistics for Countries of Europe in Alphabetical Order - Quintuple Ver

Click here to take the quiz!

General Stats

  • This quiz has been taken 43 times
  • The average score is 101 of 225

Answer Stats

Countries% Correct
Albania
100%
Andorra
97%
Belgium
89%
Austria
86%
Bulgaria
86%
Croatia
86%
Denmark
86%
Estonia
86%
Belarus
83%
Bosnia and Herzegovina
83%
France
83%
Czech Republic
81%
Finland
81%
Iceland
81%
Germany
78%
Hungary
78%
Ireland
78%
Latvia
78%
Liechtenstein
78%
Lithuania
78%
Luxembourg
78%
Kosovo
75%
Greece
72%
Italy
72%
United Kingdom
72%
Macedonia
69%
Malta
69%
Poland
69%
Vatican City
69%
Norway
67%
Portugal
67%
Romania
67%
Slovenia
67%
Ukraine
67%
Russia
64%
Serbia
64%
Slovakia
64%
Monaco
61%
Montenegro
61%
Netherlands
61%
Sweden
61%
Moldova
58%
San Marino
56%
Spain
56%
Switzerland
56%
Albania
47%
Andorra
47%
Belgium
47%
Bulgaria
47%
Croatia
47%
Czech Republic
47%
Denmark
47%
Estonia
47%
Finland
47%
France
47%
Iceland
47%
Ireland
47%
Italy
47%
United Kingdom
47%
Albania
44%
Andorra
44%
Belarus
44%
Belgium
44%
Bulgaria
44%
Croatia
44%
Czech Republic
44%
Denmark
44%
Estonia
44%
Finland
44%
France
44%
Germany
44%
Hungary
44%
Iceland
44%
Ireland
44%
Italy
44%
Kosovo
44%
Latvia
44%
Liechtenstein
44%
Lithuania
44%
Luxembourg
44%
Macedonia
44%
Norway
44%
Poland
44%
Romania
44%
Serbia
44%
Slovakia
44%
Slovenia
44%
Sweden
44%
Ukraine
44%
United Kingdom
44%
Vatican City
44%
Albania
42%
Andorra
42%
Belarus
42%
Belgium
42%
Bosnia and Herzegovina
42%
Bulgaria
42%
Croatia
42%
Czech Republic
42%
Denmark
42%
Estonia
42%
Finland
42%
France
42%
Germany
42%
Greece
42%
Hungary
42%
Iceland
42%
Ireland
42%
Italy
42%
Kosovo
42%
Latvia
42%
Liechtenstein
42%
Lithuania
42%
Luxembourg
42%
Macedonia
42%
Malta
42%
Monaco
42%
Montenegro
42%
Netherlands
42%
Norway
42%
Poland
42%
Portugal
42%
Romania
42%
Russia
42%
Serbia
42%
Slovakia
42%
Slovenia
42%
Sweden
42%
Switzerland
42%
Ukraine
42%
Vatican City
42%
Austria
39%
Belarus
39%
Bosnia and Herzegovina
39%
Germany
39%
Greece
39%
Hungary
39%
Kosovo
39%
Latvia
39%
Liechtenstein
39%
Malta
39%
Moldova
39%
Monaco
39%
Montenegro
39%
Netherlands
39%
Portugal
39%
Russia
39%
San Marino
39%
Switzerland
39%
Austria
36%
Bosnia and Herzegovina
36%
Greece
36%
Lithuania
36%
Moldova
36%
San Marino
36%
Spain
36%
Spain
36%
United Kingdom
36%
Albania
33%
Andorra
33%
Austria
33%
Belarus
33%
Belgium
33%
Bulgaria
33%
Croatia
33%
Czech Republic
33%
Denmark
33%
Estonia
33%
Finland
33%
France
33%
Iceland
33%
Ireland
33%
Italy
33%
Luxembourg
33%
Macedonia
33%
Malta
33%
Norway
33%
Poland
33%
Romania
33%
Serbia
33%
Slovakia
33%
Slovenia
33%
Sweden
33%
Ukraine
33%
Vatican City
33%
Germany
31%
Hungary
31%
Kosovo
31%
Latvia
31%
Lithuania
31%
Luxembourg
31%
Macedonia
31%
Malta
31%
Monaco
31%
Montenegro
31%
Netherlands
31%
Portugal
31%
Russia
31%
San Marino
31%
Spain
31%
Switzerland
31%
United Kingdom
31%
Bosnia and Herzegovina
28%
Greece
28%
Liechtenstein
28%
Moldova
28%
Netherlands
28%
Norway
28%
Romania
28%
Serbia
28%
Slovakia
28%
Slovenia
28%
Sweden
28%
Switzerland
28%
Ukraine
28%
Vatican City
28%
Austria
25%
Monaco
25%
Montenegro
25%
Poland
25%
Portugal
25%
Russia
25%
San Marino
25%
Spain
25%
Moldova
22%

Score Distribution

Percentile by Number Answered

Percent of People with Each Score

Your Score History

You have not taken this quiz